Der agyptische Mythos von der Himmelskuh : eine Atiologie des Unvollkommenen /

محفوظ في:

المؤلف الرئيسي: Hornung, Erik (مؤلف)

مؤلفون آخرون: Staehelin, Elisabeth.

التنسيق: كتاب

اللغة: German
Ancient Egyptian

منشور في: Freiburg, Schweiz : Göttingen : Universitätsverlag ; Vandenhoeck & Ruprecht, [1997], ©1982.

الطبعة: 3. Aufl.

سلاسل: Orbis biblicus et orientalis ; 46.
OBO ; 46.

الموضوعات:

الوسوم: إضافة وسم

لا توجد وسوم, كن أول من يضع وسما على هذه التسجيلة!

رقم الطلب: DS41 .O5 v.46

LEADER 01432namaa2200361 4500
001 12448
003 OSt
005 20250327102506.0
008 130303s1982 sz a b 001 0 ger d
020 |a 3525537379 
020 |a 3727802626 
040 |c ARCE Library 
041 0 |a ger  |a egy  
043 |a f-ua--- 
050 4 |a DS41 .O5 v.46 
100 1 |a Hornung, Erik,  |e author  |9 32271 
245 1 4 |a Der agyptische Mythos von der Himmelskuh :  |b eine Atiologie des Unvollkommenen /  |c Erik Hornung ; unter Mitarbeit von Andreas Brodbeck, Hermann Schlogl und Elisabeth Staehelin ; und mit einem Beitrag von Gerhard Fecht. 
250 |a 3. Aufl. 
264 1 |a Freiburg, Schweiz :  |b Universitätsverlag ;  |a Göttingen :  |b Vandenhoeck & Ruprecht,  |c [1997], ©1982. 
300 |a xii, 133 pages :  |b illustration (2 color) ;  |c 24 cm. 
490 1 |a Orbis biblicus et orientalis ;   |v 46. 
490 1 |a Orbis biblicus et orientalis ;   |v 46. 
500 |a Includes Egyptian text of the Book of the cow of heaven with German translation. 
504 |a Includes bibliographical references (pages xi-xii) and indexes. 
650 0 |a Cows  |x Mythology  |z Egypt.  |9 5756 
650 0 |a Mythology, Egyptian. 
700 1 |a Staehelin, Elisabeth.  |9 40416 
730 0 |a Book of the cow of heaven.  |l German & Egyptian.  |f 1982.  
830 0 |a Orbis biblicus et orientalis ;   |v 46. 
830 0 |a OBO ;   |v 46. 
901 |a reviewed 
942 |c BK  |2 lcc 
999 |c 10876  |d 10876